000 00562nam a2200193Ia 4500
005 20250508160929.0
008 008 250505s9999 xx 000 0 eng d
020 _a0-7100-7835-6
037 _aTextual
040 _aFEDL
_beng
_cFEDL
041 _aeng
_2eng
084 _a360.942, JOR
_qFEDL
100 _aJordan Bill
245 0 _aPoor parents : Social policy and the 'cycle of deprivation'
260 _aLondon, UK
_bRoutledge and Kegan Paul
_c1974
300 _aviii,200p.
942 _cTEXL
_h360.942, JOR
999 _c1367460
_d1367460